Movies Quiz

Random Movies or Actor Quiz

The Italian Job (2003) Cast Quiz Stats

Quiz not verified by Sporcle

Challenge
Share
Tweet
Score 0/16 Timer 04:00
0 Plays Today
% Correct
Mark Wahlberg
90.7%
Charlize Theron
87.6%
Edward Norton
85.6%
Donald Sutherland
83.5%
Seth Green
77.3%
Jason Statham
73.2%
Mos Def
60.8%
Charlie Croker
43.3%
% Correct
Handsome Rob
43.3%
Lyle
43.3%
Stella Bridger
37.1%
Gilligan 'Left Ear'
35.1%
John Bridger
34%
Steve
33%
Wrench
26.8%
Franky G
17.5%

You're not logged in!

Compare scores with friends on all Sporcle quizzes.
Join for Free
OR
Log In

You Might Also Like...

Show Comments

Extras

Top Quizzes Today


Score Distribution

Your Account Isn't Verified!

In order to create a playlist on Sporcle, you need to verify the email address you used during registration. Go to your Sporcle Settings to finish the process.

Report this User

Report this user for behavior that violates our Community Guidelines.

Details: